| 000 | 01066cgm a22004097i 4500 | ||
|---|---|---|---|
| 001 | 22452596 | ||
| 005 | 20250612164351.0 | ||
| 007 | vd cvaizu | ||
| 008 | 220304t20032003xxk225 mleng | ||
| 010 | _a 2022600794 | ||
| 024 | 1 | _a764315767095 | |
| 028 | 4 | 2 |
_a19767-9 _bTime-Life Video |
| 035 | _a(OCoLC)1002407547 | ||
| 040 |
_aDLC _beng _erda _cDLC _dDLC |
||
| 043 | _ae-ur--- | ||
| 046 |
_k1979 _2edtf |
||
| 050 | 0 | 0 | _aDVE 6189 (viewing copy) |
| 100 |
_aDostoyevsky, Foydor _9129116 |
||
| 245 | 0 | 0 |
_aCrime & punishment / _cFyodor Dostoyevsky |
| 246 | 3 | _aCrime and punishment | |
| 257 | _aGreat Britain | ||
| 260 |
_aUSA _bPenguin Books; _c1997. |
||
| 264 | 2 |
_aAlexandria, Va. : _c1997 |
|
| 264 | 4 | _c©1997 | |
| 500 | _aFull screen. | ||
| 500 | _aBased on the novel by Fyodor Dostoyevsky. | ||
| 650 | 0 |
_aCrime _vDrama. _9129098 |
|
| 650 | 0 |
_aMurder _9129100 |
|
| 650 | 7 | _2fast | |
| 650 | 7 | _2fast | |
| 651 | 7 | _2fast | |
| 655 | 7 | _2fast | |
| 655 | 7 | _2lcgft | |
| 700 | 1 |
_d1821-1881. _9129115 |
|
| 906 |
_a7 _du _f20 |
||
| 942 |
_2ddc _cBK |
||
| 999 |
_c613847 _d613847 |
||